Directorio de albergues, cabañas, campamentos y campos para remolque : 1984 /

Gespeichert in:
Bibliographische Detailangaben
Format: Buch
Sprache:Spanisch
Veröffentlicht: México : Secretaría de Turismo, 1984, c1984
Tags: Tag hinzufügen
Keine Tags, Fügen Sie das erste Tag hinzu!

MARC

LEADER 00000nam^a2200000^a^4500
001 000432128
005 20250526000000.0
009 20260310123008.107
020 |a 968-814-001-5 
037 |a Acervo ITESO - Biblioteca 
041 |a ESP 
091 |a FHM. 05873 
245 0 0 |a Directorio de albergues, cabañas, campamentos y campos para remolque :  |b 1984 / 
264 4 |a México :  |b Secretaría de Turismo,  |c 1984, c1984 
300 |a 304 p. ;  |c 21.5 cm. 
336 |a texto  |b txt  |2 rdacontenido 
337 |a sin mediación  |b n  |2 rdamedio 
338 |a volumen  |b nc  |2 rdasoporte 
649 |a XX 
910 |a Fondo Hugo B. Margáin 
920 |a Impresos - Libros 
930 |a Libros Antiguos y Raros 
905 |a 126 
901 |a 0500315893  |b IT2  |c LRA  |i D106572  |u 20250526 
902 |a https://opac.biblio.iteso.mx/vufind/Record/000432128